000 01539nab a22002537a 4500
999 _c5499
_d5499
003 OSt
005 20251209142324.0
008 190502c xxu||||| |||| 00| 0 spa d
040 _cPJ
100 _96492
_aBarbieri, Pía
245 1 0 _aAnálisis de los tipos penales de exacciones ilegales, concusión y extorsión en la conducta del funcionario público. Reflexiones a partir del fallo "Tapia Núñez" /
_cPía Barbieri.
260 _aCiudad Autónoma de Buenos Aires :
_bThomson Reuters La Ley,
_c2025.
300 _ap. 43-52
500 _aCita Online: AR/DOC/1531/2025.
505 _aSumario: I. Introducción.— II. Los hechos del caso.— III. Los tipos penales en juego: exacciones ilegales, concusión y extorsión en la conducta del funcionario público.— IV. Diferentes posturas doctrinarias.— V. Solución del caso concreto dada por el Tribunal y confirmada por la Casación.— VI. Reflexiones finales.
505 _tFallo comentado: CNCasCrim. y Correc., sala III ~ 17/12/2024 ~ Alvarado Ruiz, Simón Jesús y otros c. Morano, Diego y otros s/ averiguación de delito y asociación ilícita.
505 _t¿Te interesa el texto completo? Solicitalo al correo: koha@justierradelfuego.gov.ar
650 0 _9343
_aDERECHO PENAL
650 0 _96493
_aCORRUPCIÓN DE UN FUNCIONARIO PÚBLICO
650 0 _93034
_aEXTORSIÓN
650 0 _95941
_aEXACCIONES ILEGALES
773 0 _02729
_93180
_dBuenos Aires : LexisNexis, 2006-
_tRevista de derecho penal y procesal penal. Nº 8 - Agosto 2025
_z9875920622
942 _2udc
_cANA